[Event "BCF-chT4S 1819 (4NCL)"]
[Site "England"]
[Date "2019.04.14"]
[Round "8.154"]
[White "Collicott, Peter J"]
[Black "Ibrahim, Amir"]
[Result "1-0"]
[WhiteElo "1657"]
[BlackElo "1300"]
[PlyCount "111"]
[EventDate "2018.11.17"]
[EventType "team-swiss"]
[EventRounds "11"]
[EventCountry "ENG"]
[SourceTitle "EXT 2021"]
[Source "ChessBase"]
[SourceDate "2020.10.23"]
[SourceVersion "1"]
[SourceVersionDate "2020.10.23"]
[SourceQuality "1"]
[WhiteTeam "Iceni III"]
[BlackTeam "Barnet Knights III"]
[WhiteTeamCountry "ENG"]
[BlackTeamCountry "ENG"]

1. c4 e6 2. Nc3 d5 3. d4 c6 4. Nf3 Bd6 5. Bg5 Nf6 6. e3 Nbd7 7. Bd3 0-0 8. 0-0 Qc7 9. c5 Be7 10. Qc2 b6 11. Bxh7+ Kh8 12. cxb6 axb6 13. Bd3 c5 14. Bf4 Bd6 15. Nb5 Qc6 16. Nxd6 c4 17. Nxc8 Raxc8 18. Be2 Ne4 19. Ne5 Nxe5 20. Bxe5 c3 21. f3 Nd2 22. Rfc1 cxb2 23. Qxb2 Nc4 24. Bxc4 dxc4 25. Bxg7+ Kxg7 26. d5+ c3 27. Qb4 exd5 28. Rc2 Qc5 29. Qxc5 Rxc5 30. Rac1 Rfc8 31. Kf2 b5 32. a3 Kf6 33. Ke2 Ke5 34. Kd3 Kd6 35. Rxc3 Rxc3+ 36. Rxc3 Rxc3+ 37. Kxc3 Kc5 38. h4 Kd6 39. h5 Ke7 40. Kb4 Kf6 41. h6 Kg6 42. h7 Kxh7 43. Kxb5 Kg6 44. Kc5 Kh5 45. Kxd5 Kh4 46. a4 Kg3 47. a5 Kxg2 48. f4 Kf3 49. Kd4 f5 50. a6 Kg4 51. a7 Kf3 52. a8Q+ Kg4 53. Qg2+ Kh4 54. Ke5 Kh5 55. Kxf5 Kh6 56. Qg6# 1-0

[Event "Torquay Paignton Bloodworth op"]
[Site "Torquay"]
[Date "2018.09.08"]
[Round "7"]
[White "Morris, Nigel W"]
[Black "Collicott, Peter J"]
[Result "0-1"]
[WhiteElo "122"]
[BlackElo "117"]
[PlyCount "50"]
[EventDate "2018.09.02"]
[EventType "swiss"]
[EventRounds "7"]
[EventCountry "ENG"]
[SourceTitle "CBM 187 Extra"]
[Source "ChessBase"]
[SourceDate "2018.11.04"]
[SourceVersion "1"]
[SourceVersionDate "2018.11.04"]
[SourceQuality "1"]

1. d4 e6 2. c4 d5 3. Nc3 Nf6 4. cxd5 exd5 5. Bg5 Nbd7 6. Qc2 Be7 7. e3 c6 8. Bd3 h6 9. Bh4 Nh5 10. Bxe7 Qxe7 11. Nge2 Nhf6 12. 0-0 0-0 13. a3 a6 14. Rad1 Re8 15. Ng3 Nf8 16. Rfe1 Be6 17. f3 Qc7 18. e4 dxe4 19. fxe4 Qb6 20. Qf2 Ng4 21. Qe2 Qxd4+ 22. Kh1 Nf2+ 23. Kg1 Nxd1+ 24. Kh1 Nf2+ 25. Kg1 Nxd3+ 0-1

[Event "Torquay Paignton Bloodworth op"]
[Site "Torquay"]
[Date "2018.09.03"]
[Round "2"]
[White "Collicott, Peter J"]
[Black "Gamble, Raymond J"]
[Result "1/2-1/2"]
[WhiteElo "117"]
[BlackElo "148"]
[PlyCount "44"]
[EventDate "2018.09.02"]
[EventType "swiss"]
[EventRounds "7"]
[EventCountry "ENG"]
[SourceTitle "CBM 187 Extra"]
[Source "ChessBase"]
[SourceDate "2018.11.04"]
[SourceVersion "1"]
[SourceVersionDate "2018.11.04"]
[SourceQuality "1"]

1. c4 e5 2. g3 Nc6 3. Nc3 g6 4. Bg2 Bg7 5. e4 Nge7 6. Nge2 0-0 7. 0-0 Nd4 8. d3 c6 9. Nxd4 exd4 10. Ne2 d6 11. Bg5 h6 12. Bf4 Kh7 13. b4 Be6 14. Rc1 Qd7 15. a3 Rad8 16. c5 d5 17. Bd6 Rfe8 18. e5 Nf5 19. Nf4 Nxd6 20. Nxe6 Qxe6 21. exd6 Qe2 22. Bf3 Qe5 1/2-1/2

[Event "BCF-chT4S 1718 (4NCL)"]
[Site "England"]
[Date "2017.11.12"]
[Round "2.112"]
[White "Collicott, Peter J"]
[Black "Homolka, Vincent"]
[Result "0-1"]
[WhiteElo "1677"]
[BlackElo "1779"]
[PlyCount "104"]
[EventDate "2017.11.11"]
[EventType "team-swiss"]
[EventRounds "11"]
[EventCountry "ENG"]
[SourceTitle "EXT 2020"]
[Source "ChessBase"]
[SourceDate "2019.10.17"]
[SourceVersion "1"]
[SourceVersionDate "2019.10.17"]
[SourceQuality "1"]
[WhiteTeam "Iceni III"]
[BlackTeam "CSC Dragons III"]
[WhiteTeamCountry "ENG"]
[BlackTeamCountry "ENG"]

1. c4 e6 2. g3 d5 3. cxd5 exd5 4. d4 Nf6 5. Nc3 Be7 6. Nf3 0-0 7. Bg2 h6 8. 0-0 c5 9. dxc5 Bxc5 10. e3 Nc6 11. Na4 Be7 12. Nd4 Bg4 13. Qb3 Qd7 14. Nc3 Rfd8 15. a3 Bh3 16. Qc2 Bxg2 17. Kxg2 Rac8 18. Qf5 Nxd4 19. Qxd7 Rxd7 20. exd4 Ne4 21. Nxe4 dxe4 22. Be3 Bf6 23. Rac1 Rcd8 24. Rfd1 Kf8 25. h3 Ke8 26. Rc4 Rd5 27. Rc7 R8d7 28. Rc8+ Ke7 29. Rc4 b5 30. Rc6 Bxd4 31. Rxd4 Rxd4 32. Bxd4 Rxd4 33. Rc7+ Rd7 34. Rc5 a6 35. Re5+ Kf6 36. Rxe4 Rd2 37. b4 Rd3 38. Rf4+ Ke6 39. Re4+ Kd6 40. Rf4 f6 41. Rf3 Rxf3 42. Kxf3 Kd5 43. Ke3 Kc4 44. g4 Kb3 45. Kd3 Kxa3 46. Kc3 Ka4 47. h4 a5 48. bxa5 Kxa5 49. f4 Ka4 50. Kb2 Kb4 51. f5 Kc4 52. Kc2 Kd4 0-1

[Event "GBR-ch U1750 op 104th"]
[Site "Llandudno"]
[Date "2017.08.04"]
[Round "5"]
[White "Collicott, Peter J"]
[Black "Karia, Kamlesh"]
[Result "1-0"]
[WhiteElo "1741"]
[BlackElo "1614"]
[PlyCount "100"]
[EventDate "2017.07.31"]
[EventType "swiss"]
[EventRounds "5"]
[EventCountry "WLS"]
[SourceTitle "EXT 2019"]
[Source "ChessBase"]
[SourceDate "2018.10.10"]
[SourceVersion "1"]
[SourceVersionDate "2018.10.10"]
[SourceQuality "1"]

1. c4 Nf6 2. g3 d5 3. cxd5 Qxd5 4. Nf3 e5 5. Nc3 Qa5 6. Bg2 c6 7. 0-0 Bf5 8. d3 Nbd7 9. Bd2 Qd8 10. Ng5 Bg6 11. a3 Be7 12. b4 a6 13. Qb3 0-0 14. Nge4 Rb8 15. Nxf6+ Nxf6 16. Rfd1 Kh8 17. Bc1 h5 18. Bg5 Nd7 19. Bxe7 Qxe7 20. Rd2 f5 21. h4 Bf7 22. Qc2 g5 23. d4 e4 24. e3 gxh4 25. d5 Qf6 26. dxc6 Ne5 27. Rdd1 bxc6 28. Ne2 Ng6 29. Qc5 Rbd8 30. Nd4 Bd5 31. Rac1 Rc8 32. Rd2 Ne5 33. gxh4 Nd3 34. Rxd3 exd3 35. Bxd5 d2 36. Rd1 cxd5 37. Qxd5 Rc1 38. Qf3 Rg8+ 39. Kf1 Qg6 40. Ke2 Qg4 41. Qxg4 fxg4 42. Rxd2 Rh1 43. Nf5 Ra1 44. Rd3 Rc8 45. e4 Rac1 46. Rd6 R1c2+ 47. Ke3 R2c3+ 48. Kf4 Rf3+ 49. Kg5 Rg8+ 50. Kxh5 Rxf2 1-0

[Event "GBR-ch U1750 op 104th"]
[Site "Llandudno"]
[Date "2017.08.03"]
[Round "4"]
[White "Egan, William J"]
[Black "Collicott, Peter J"]
[Result "1-0"]
[WhiteElo "1630"]
[BlackElo "1741"]
[PlyCount "127"]
[EventDate "2017.07.31"]
[EventType "swiss"]
[EventRounds "5"]
[EventCountry "WLS"]
[SourceTitle "EXT 2019"]
[Source "ChessBase"]
[SourceDate "2018.10.10"]
[SourceVersion "1"]
[SourceVersionDate "2018.10.10"]
[SourceQuality "1"]

1. d4 e6 2. c4 f5 3. g3 Nf6 4. Bg2 d5 5. Nc3 c6 6. Nf3 Bd6 7. c5 Bc7 8. 0-0 0-0 9. Ne5 Nbd7 10. Nd3 e5 11. e3 e4 12. Ne1 Ng4 13. Ne2 Ndf6 14. f3 Nh6 15. Bh1 Qe8 16. Ng2 g5 17. Bd2 Kh8 18. Rf2 Qh5 19. Ne1 Be6 20. a4 Qg6 21. Ng2 exf3 22. Rxf3 Ne4 23. Ne1 Rf6 24. Nc3 Raf8 25. Nd3 Ng4 26. Qe2 f4 27. exf4 Nxd2 28. Qxd2 gxf4 29. gxf4 Bxf4 30. Nxf4 Rxf4 31. Rxf4 Nxh2+ 32. Kf2 Ng4+ 33. Ke2 Rxf4 34. Qxf4 Qc2+ 35. Qd2 Qf5 36. Rf1 Qh5 37. Bf3 Qh2+ 38. Kd1 Qh3 39. Qe2 Qxf1+ 40. Qxf1 Ne3+ 41. Ke2 Nxf1 42. Kxf1 Kg7 43. Kf2 Kf6 44. Kg3 Bf5 45. a5 a6 46. Kf4 h6 47. Bg4 Bg6 48. Ne2 h5 49. Bc8 Bd3 50. Ng1 h4 51. Bxb7 Bf1 52. Bxc6 h3 53. Kg3 Kf5 54. Nxh3 Ke4 55. Bb7 Bb5 56. c6 Kxd4 57. c7 Bd7 58. Bxa6 Kc5 59. c8Q+ Bxc8 60. Bxc8 d4 61. Nf2 Kb5 62. a6 Kb6 63. Kf3 Kc7 64. a7 1-0

[Event "GBR-ch U1750 op 104th"]
[Site "Llandudno"]
[Date "2017.08.02"]
[Round "3"]
[White "Collicott, Peter J"]
[Black "Petkov, Petko"]
[Result "1/2-1/2"]
[WhiteElo "1741"]
[BlackElo "1569"]
[PlyCount "73"]
[EventDate "2017.07.31"]
[EventType "swiss"]
[EventRounds "5"]
[EventCountry "WLS"]
[SourceTitle "EXT 2019"]
[Source "ChessBase"]
[SourceDate "2018.10.10"]
[SourceVersion "1"]
[SourceVersionDate "2018.10.10"]
[SourceQuality "1"]

1. c4 c5 2. g3 g6 3. Bg2 Bg7 4. Nc3 Nc6 5. Nf3 e6 6. 0-0 Nge7 7. e4 0-0 8. d3 d5 9. Rb1 Rb8 10. Bf4 e5 11. Bg5 dxc4 12. dxc4 h6 13. Be3 Nd4 14. Nd5 Be6 15. Qd2 Kh7 16. b4 Nxf3+ 17. Bxf3 cxb4 18. Qxb4 Nc6 19. Qa3 b6 20. Rfd1 Qc8 21. c5 b5 22. Be2 a6 23. Nb6 Qb7 24. Nd5 Nd4 25. Rd2 Nxe2+ 26. Rxe2 Rfd8 27. Rd2 f5 28. Rc1 Bd7 29. exf5 gxf5 30. Ne7 Bc6 31. Rxd8 Rxd8 32. Nxf5 Bh1 33. Nh4 Bf6 34. Kf1 Bxh4 35. gxh4 Qg2+ 36. Ke2 Qg4+ 37. Ke1 1/2-1/2